00546nam a2200193Ii 450000100060000000300090000600800410001502000150005604000330007104100080010408200150011210000200012724500320014726400800017930000120025933600260027133700280029733800270032511924CO-ViMGA241108s9999||||xx |||||||||||||| ||und|| a847095069X aCO-ViMGAbspaerdacCO-ViMGA0 aunk04a701.8 H4121 aPeter J. Hayten10aEl Mundo Mágico del Color 1a[Lugar de publicación no identificado] : Las Ediciones de Arte LEDA, 1977 avolumen atextbtxt2rdacontent aunmediatedbn2rdamedia avolumebnc2rdacarrier